01235 a2200205 45000010006000000050017000060080041000230030015000640400040000790800039001192450039001580200022001972500012002192640031002313000025002625050613002870410008009001000026009088560095009344455220260407155722.0260407a2017 arg spa dAR-UNSa-BCEJYS aAR-UNSa-BCEJYSbspacAR-UNSa-BCEJYS a657.6xAuditoria (control interno)10aAuditoríapconceptos y métodos a978-987-4055-05-7 a4a. ed. 1aRosario :bFoja Ceroc2017 axiii, 403 p.c29 cm. a1. La auditoría de estados financieros - 2. El proceso de la auditoría, la evidencia y su documentación - 3. Acuerdo del encargo, planeamiento e importancia relativa - 4. Identificación y evaluación de riesgos - 5. Respuesta a los riesgos identificados y evaluados. Enfoque conceptual - 6. Ejecución de procedimientos posteriores de auditoría - 7. Procedimientos de auditoría por ciclos - 8. Trabajos finales - 9. El informe breve sobre los estados financieros - 10. Otros trabajos e informes del auditor - 11. Sindicatura de sociedades y auditoría externa - 12. Responsabilidad del auditor aspa1 aLattuca, Antonio Juan41uhttps://biblioeco.unsa.edu.ar/pmb/images/libros/L126935.jpgyImagen de portadaqimage/jpeg